000 00689nam a2200205 i 4500
001 56306
003 ES-MaACL
005 20240503100006.0
007 t|
008 031007s1960 sp ||||1| spa d
245 0 0 _aDiccionario ilustrado latino-español, español-latino /
_cprólogo de Vicente García de Diego.
250 _a5ª ed.
260 _aBarcelona :
_bSpes,
_c1960.
300 _aXIII, 716, 35 p. :
_bil. ;
_c19 cm.
650 0 4 _aLengua latina-
_vDiccionarios-
_xEspañol.
_914295
650 0 4 _aLengua española-
_vDiccionarios-
_xLatín.
_914144
700 1 _aGarcía de Diego, Vicente,
_d1878-1978
_954421
852 _aES-MaACL
_jC-18197
_bR.46520
999 _c56306
_d56306